| 000 | 00867naa a22002777a 4500 | ||
|---|---|---|---|
| 001 | BR9301903 | ||
| 003 | BR-BrBNA | ||
| 005 | 20240918181040.0 | ||
| 007 | ta | ||
| 008 | 230509b bl.||||| |||| 00| 0 por d | ||
| 040 |
_aBR-BrBNA _bpor _cBiblioteca Nacional de Agricultura |
||
| 041 | _a(Pt) | ||
| 072 |
_aF01 _b0710 _b3650 |
||
| 090 | _aF01 BR9301903 | ||
| 100 | 1 | _aEbert, A. | |
| 100 | 1 | _aDenardi, F. | |
| 245 | 1 | _aReguladores de crescimento | |
| 260 | 3 |
_aFlorianopolis, SC (Brasil): _c1986. |
|
| 500 | _aManual da cultura da macieira Florianopolis, SC (Brasil): 1986. p. 474-492 (BR9301903-AM)F01 | ||
| 650 | _aMaca | ||
| 650 | _aRegulador de Crescimento | ||
| 650 | _aVariedade | ||
| 773 | 0 |
_tManual da cultura da macieira _w0710 BR9301884 _gFlorianopolis, SC (Brasil), 1986. _q562 p. |
|
| 909 |
_a202404 _bLucia _c55 _dLucia Elande |
||
| 942 |
_cAM _2AGRIS |
||
| 999 |
_c323345 _d323345 |
||